000
00358cam a2200169ua 4500
020
_c
1.50
041
_a
hin
_h
082
_a
891.43
_b
GAN/VI
100
_a
Gannapath, Sankar .
245
_a
Vikari Sathsari
260
_a
:
_b
Rajkamal Series ,
_c
1964.
300
_a
262 ; .
365
_a
1.50
504
_a
942
_c
BK
999
_c
3409
_d
3409